| 000 | 00381nam a2200145Ia 4500 | ||
|---|---|---|---|
| 005 | 20250325024924.0 | ||
| 008 | 240331s9999 xx 000 0 und d | ||
| 082 |
_bLEB _a894 |
||
| 100 | _aLebbe,M.C.S | ||
| 245 | 0 | _aAsan bey sarittiram | |
| 260 |
_aColombo _bMinistry of State For Muslim Religious & Cultural Affairs _c1885 |
||
| 300 | _a171 p ., | ||
| 500 | _aA Novel | ||
| 942 | _cL | ||
| 999 |
_c4045 _d4045 |
||